Ancient Indian Rituals and Their Social Contents/ (Record no. 202157)

MARC details
000 -LEADER
fixed length control field 00557nam a22001817a 4500
005 - DATE AND TIME OF LATEST TRANSACTION
control field 20240506115856.0
010 ## - LCCN (DPL NO)
LC control number ENG-140155
020 ## - INTERNATIONAL STANDARD BOOK NUMBER
Terms of availability 1500.00
International Standard Book Number 9789392894053
035 ## - SYSTEM CONTROL NUMBER
System control number EN-123687
037 ## - SOURCE OF ACQUISITION
Source of stock number/acquisition DBAD
082 ## - DEWEY DECIMAL CLASSIFICATION NUMBER
Classification number 294.5320954
100 ## - MAIN ENTRY--PERSONAL NAME
Personal name Sharma, Lalita
245 ## - TITLE STATEMENT
Title Ancient Indian Rituals and Their Social Contents/
Statement of responsibility, etc by Lalita Sharma
260 ## - PUBLICATION, DISTRIBUTION, ETC. (IMPRINT)
Place of publication, distribution, etc Delhi
Name of publisher, distributor, etc Momentum Publishers Distributors
Date of publication, distribution, etc 2022
270 ## - ADDRESS
City Delhi
Address 39/18, Shakti Nagar
Postal code 110007
300 ## - PHYSICAL DESCRIPTION
Extent 278p.
Dimensions 23cm(hb)
942 ## - ADDED ENTRY ELEMENTS (KOHA)
Source of classification or shelving scheme Dewey Decimal Classification
Item type English Books
Classification part 294.5320954
Call number suffix SHA
Holdings
Withdrawn status Lost status Not for loan Collection code Home library Current library Date acquired Source of acquisition Cost, normal purchase price Full call number Barcode Copy number Cost, replacement price Koha item type
      Non-fiction Ashok Vihar Ashok Vihar 15/04/2024 DBAD 1500.00 294.5320954 SHA EN-123687 1 1500.00 English Books

© Delhi Public Library
Hit Counter
free hit counter